书目信息 |
| 题名: |
你也能成为销售冠军
|
|
| 作者: | 夏于全 | |
| 分册: | ||
| 出版信息: | 北京 企业管理出版社 2006.07 |
|
| 页数: | 267页 | |
| 开本: | 23cm | |
| 丛书名: | ||
| 单 册: | ||
| 中图分类: | F713.3 | |
| 科图分类: | ||
| 主题词: | 商业经济--国内 | |
| 电子资源: | ||
| ISBN: | 7-80197-512-X | |
| 000 | 00612nam0 2200205 450 | |
| 001 | 1156305358 | |
| 005 | 20111230153943.35 | |
| 010 | @a7-80197-512-X@dCNY28.80 | |
| 100 | @a20111230d2006 km y0chiy0120 ea | |
| 101 | 0 | @achi |
| 102 | @aCN@b110000 | |
| 105 | @az z 000yy | |
| 200 | 1 | @a你也能成为销售冠军@Ani ye neng cheng wei xiao shou guan jun@f夏于全@Fxia yu quan |
| 210 | @a北京@c企业管理出版社@d2006.07 | |
| 215 | @a267页@d23cm | |
| 606 | 0 | @a商业经济@x国内 |
| 690 | @aF713.3@v4 | |
| 701 | 0 | @a夏于全@Axia yu quan |
| 801 | 0 | @aCN@b大连网信软件有限公司图书馆·11@c20111230 |
| 905 | @aZUCC@dF713.3@eX222@f3 | |
| 你也能成为销售冠军/夏于全.-北京:企业管理出版社,2006.07 |
| 267页;23cm |
| ISBN 7-80197-512-X:CNY28.80 |
| ● |
| 相关链接 |
|
|
|
正题名:你也能成为销售冠军
索取号:F713.3/X222
 
预约/预借
| 序号 | 登录号 | 条形码 | 馆藏地/架位号 | 状态 | 备注 |
| 1 | 1190656 | 211906561 | 社科库409/409社科库 41排3列2层/ [索取号:F713.3/X222] | 在馆 | |
| 2 | 1190657 | 211906570 | 社科库409/409社科库 41排3列2层/ [索取号:F713.3/X222] | 在馆 | |
| 3 | 1190658 | 211906589 | 社科库409/400B社科库 2排1列2层/ [索取号:F713.3/X222] | 在馆 |